000
00280nam a22001217a 4500
082
_a
620.106
100
_a
Giles, Ranald
245
_a
FLUID MECHANICS AND HYDRAULICS
260
_a
New Dehli
_b
Tata McGraw Hill
_c
2011.
300
_a
362 p. ;
500
_a
Paperback.
942
_c
BK
999
_c
33168
_d
33168